000 00659nam a2200193Ia 4500
005 20250507130149.0
008 008 250505s9999 xx 000 0 eng d
037 _aDIS
040 _aEASL
_beng
_cEASL
041 _aeng
_2eng
084 _a0000144, SHA
_qEASL
100 _aSharma Nirmola
245 0 _aLiang Qichao and the writing of national history in China: A comparison with Bankim Chandra Chattopadhyay in India Dr. Madhavi Thampi
260 _aIndia
_bUnivesity of Delhi. Social Sciences. East Asian Studies (Delhi India)
_c2011
300 _a109p.
650 _aDiss
942 _cDIS
_h0000144, SHA
999 _c1318037
_d1318037